000 00634nam a2200193 a 4500
005 20140412111420.0
008 080103s19uu xx 00 eng d
020 _a0-439-83384-4
050 _aM 530.092
_bB45 2007
100 _aBerger, Melvin
245 _aDid it take creativity to find relativity, Albert Einstein? /
_cMelvin Berger, Gilda Berger.
260 _aNew York :
_bScholastic Inc,
_cc2007.
300 _a48p.
440 _aScience super giants
500 _aIncludes index.
650 _aEinstein, Albert, 1879-1955
_xJuvenile literature
650 _aDiscoveries in science
_xJuvenile Literature
999 _c106006
_d106006